| 000 | 00685nam a2200217 a 4500 | ||
|---|---|---|---|
| 003 | PILC | ||
| 005 | 20150112093431.0 | ||
| 008 | 100720s19uu xx 00 eng d | ||
| 020 | _a013719501X | ||
| 050 |
_aHF 5415.32 _b.Sch35 1997 |
||
| 082 |
_aMkSF 658.812 _bSch3 1997 |
||
| 100 |
_aSchiffman, Leon G. _911087 |
||
| 245 |
_aConsumer behavior / _cSchiffman, Leon G.; Kanuk, Leslie Lazar |
||
| 250 | _a6th ed. | ||
| 260 |
_aNew Jersey : _bPrentice-Hall, Inc, _c1997. |
||
| 300 |
_a672 pages : _bcolored illustration ; _c25 cm. |
||
| 650 |
_aConsumer behavior _911088 |
||
| 650 |
_aMotivation research - marketing _911089 |
||
| 700 |
_aKanuk, Leslie Lazar _911090 |
||
| 942 |
_2lcc _cBK |
||
| 999 |
_c14391 _d14391 |
||